Poesía y realidad : estudios y aproximaciones /

Guardado en:
Detalles Bibliográficos
Autor principal: Díaz-Plaja, Guillermo (autor)
Formato: Libro
Idioma:Español
Publicado: Madrid, España : Revista de Occidente, 1952, c1952
Temas:
Etiquetas: Agrega una etiqueta
Sin etiquetas, Sé el primero en etiquetar este registro!

MARC

LEADER 00000nam^a2200000^a^4500
001 000153903
005 20250521000000.0
009 20260310100336.663
037 |a Acervo ITESO - Biblioteca 
041 |a ESP 
082 |a 809.  |b DIA 
100 |a Díaz-Plaja, Guillermo  |e (autor) 
245 1 0 |a Poesía y realidad :  |b estudios y aproximaciones /  |c G. Díaz-Plaja. 
264 4 |a Madrid, España :  |b Revista de Occidente,  |c 1952, c1952 
300 |a 242 p. 
336 |a texto  |b txt  |2 rdacontenido 
337 |a sin mediación  |b n  |2 rdamedio 
338 |a volumen  |b nc  |2 rdasoporte 
649 |a XX 
650 |a Poesía -  |x Historia y Crítica 
650 |a Novela Española -  |x Historia y Crítica 
650 |a Novela Argentina -  |x Historia y Crítica 
650 |a Novela -  |x Historia y Crítica 
650 |a Literatura Española -  |x Historia y Crítica 
650 |a Literatura Argentina -  |x Historia y Crítica 
650 |a Identidad Cultural -  |z Argentina 
650 |a Cervantes Saavedra, Miguel de 
910 |a Fondo Salvador Reynoso Reynoso 
920 |a Impresos - Libros 
930 |a Fondos Especiales 
940 |a Literatura 
905 |a 112 
901 |a 0800016138  |b IT2  |c ESP  |u 20250521 
902 |a https://opac.biblio.iteso.mx/vufind/Record/000153903